Gestión logística de la distribución física internacional / (Registro nro. 387)
[ vista simple ]
| 000 -LEADER | |
|---|---|
| fixed length control field | 01296nam a2200277Ia 4500 |
| 003 - CONTROL NUMBER IDENTIFIER | |
| control field | PE SENCICO BE |
| 005 - DATE AND TIME OF LATEST TRANSACTION | |
| control field | 20251020182436.0 |
| 008 - FIXED-LENGTH DATA ELEMENTS--GENERAL INFORMATION | |
| fixed length control field | 200515s9999 xx 000 0 und d |
| 020 ## - INTERNATIONAL STANDARD BOOK NUMBER | |
| International Standard Book Number | 958-04-2584-1 |
| 040 ## - CATALOGING SOURCE | |
| Original cataloging agency | PE SENCICO BE |
| Transcribing agency | PE SENCICO BE |
| 041 ## - LANGUAGE CODE | |
| Language code of text/sound track or separate title | spa |
| 082 ## - DEWEY DECIMAL CLASSIFICATION NUMBER | |
| Classification number | 658.5 |
| Item number | R94 |
| 100 1# - MAIN ENTRY--PERSONAL NAME | |
| Personal name | Ruibal Handabaka, Alberto |
| 9 (RLIN) | 3069 |
| Relator term | autor |
| 245 10 - TITLE STATEMENT | |
| Title | Gestión logística de la distribución física internacional / |
| Statement of responsibility, etc. | Alberto Ruibal Handabaka |
| 260 ## - PUBLICATION, DISTRIBUTION, ETC. | |
| Place of publication, distribution, etc. | [Colombia] : |
| Name of publisher, distributor, etc. | Norma ; |
| Date of publication, distribution, etc. | 1994 |
| 300 ## - PHYSICAL DESCRIPTION | |
| Extent | xxxii, 461 páginas : |
| Other physical details | tablas ; |
| Dimensions | 23 cm. |
| 504 ## - BIBLIOGRAPHY, ETC. NOTE | |
| Bibliography, etc. note | Bibliografía: p. 423 |
| 505 0# - FORMATTED CONTENTS NOTE | |
| Formatted contents note | La carga por transportar -- Los modos de transporte por considerar -- Costo de las cadenas de DFI por analizar -- Toma de decisiones sobre la cadena de DFI para ser utilizada -- Elección de la cadena óptima |
| 520 3# - SUMMARY, ETC. | |
| Summary, etc. | Propone una modalidad de gestión que puede ser seguida por los gerentes de distribución y logística de empresas exportadores e importadores en la toma de decisión de sus negocios de comercio internacional. |
| 650 10 - SUBJECT ADDED ENTRY--TOPICAL TERM | |
| Topical term or geographic name entry element | Comercio internacional |
| 9 (RLIN) | 2387 |
| 650 20 - SUBJECT ADDED ENTRY--TOPICAL TERM | |
| Topical term or geographic name entry element | Logística empresarial |
| 9 (RLIN) | 3070 |
| 650 20 - SUBJECT ADDED ENTRY--TOPICAL TERM | |
| Topical term or geographic name entry element | Administración de materiales |
| 9 (RLIN) | 922 |
| 650 20 - SUBJECT ADDED ENTRY--TOPICAL TERM | |
| Topical term or geographic name entry element | Transporte de mercancías |
| 9 (RLIN) | 3071 |
| 650 20 - SUBJECT ADDED ENTRY--TOPICAL TERM | |
| Topical term or geographic name entry element | Distribución comercial |
| 9 (RLIN) | 3072 |
| 942 ## - ADDED ENTRY ELEMENTS (KOHA) | |
| Koha item type | Libros |
| Source of classification or shelving scheme | Dewey Decimal Classification |
| Fecha de la última vez que lo usaron | Número de ingreso o de inventario | Pago total | Signatura topográfica completa | Código de barras | Precio efectivo desde | Tipo de documento | Estado perdido | Sistema de clasificación | Estado dañado | No es para préstamo | Retirado | Ubicación permanente | Ubicación actual | Fecha de adquisición |
|---|---|---|---|---|---|---|---|---|---|---|---|---|---|---|
| 15/05/2020 | 47347 | 658.5/R94 | BibLima25050013 | 15/05/2020 | Libros | Dewey Decimal Classification | Biblioteca Central Lima | Biblioteca Central Lima | 21/04/1995 |